Estadísticas para Máximos anotadores históricos de la selección Chilena

Haz click aquí para intentar la prueba.

Estadísticas generales

  • Esta prueba ha sido intentada 97 veces
    (68 desde el último reinicio)
  • La puntuación promedio es 8 de 23

Estadísticas de respuestas

Años activoJugadorGoles% Correcto
2005 - actuAlexis Sanchez46
100%
2005 - actuArturo Vidal32
98%
2006 - actuEduardo Vargas40
90%
1984 - 2003Ivan Zamorano34
84%
1993 - 2008Marcelo Salas37
81%
1953 - 1973Leonel Sanchez24
65%
2000 - actuHumberto Suazo21
57%
1967 - 1987Carlos Caszely29
51%
2003 - actuMatias Fernandez14
46%
2000 - actuEsteban Paredes12
40%
1976 - 1993Jorge Aravena22
22%
1935 - 1948Raul Toro12
11%
1995 - 2012Reinaldo Navia10
8%
1979 - 1996Hugo Rubio12
6%
1948 - 1965Enrique Hormazabal17
3%
1978 - 1995Juan Carlos Letelier18
3%
1957 - 1975Alberto Fouillioux11
2%
1941 - 1960Atilio Cremaschi10
2%
1950 - 1972Jaime Ramirez12
2%
1969 - 1983Julio Crisosto11
2%
1961 - 1978Pedro Araya12
2%
1948 - 1964Rene Melendez10
2%
1962-1974Ruben Marcos10
0%

Distribución de puntuación

Porcentaje por número respondido

Porcentaje de gente con cada puntuación

Historial de tus puntuaciones

No has intentado esta prueba desde el último reinicio